Marāḥil al-baḥth al-iḥṣāʼī / (Record no. 46200)

MARC details
000 -LEADER
fixed length control field 00753cam a22002291a 4500
001 - CONTROL NUMBER
control field ne 63001689
003 - CONTROL NUMBER IDENTIFIER
control field DLC
005 - DATE AND TIME OF LATEST TRANSACTION
control field 20260227111749.0
008 - FIXED-LENGTH DATA ELEMENTS--GENERAL INFORMATION
fixed length control field 910805s1962 ua ab b 000 0 ararc
010 ## - LIBRARY OF CONGRESS CONTROL NUMBER
LC control number ne 63001689
035 ## - SYSTEM CONTROL NUMBER
System control number (OCoLC)24177505
040 ## - CATALOGING SOURCE
Original cataloging agency Princeton Univ. Libr.
Transcribing agency MWalB
Modifying agency MWalB
-- DLC
042 ## - AUTHENTICATION CODE
Authentication code premarc
050 00 - LIBRARY OF CONGRESS CALL NUMBER
Classification number HA29
Item number .S235
100 1# - MAIN ENTRY--PERSONAL NAME
Personal name Ṣafwat, Maḥmūd Muḥammad.
245 10 - TITLE STATEMENT
Title Marāḥil al-baḥth al-iḥṣāʼī /
Statement of responsibility, etc. taʼlīf Maḥmūd Muḥammad Ṣafwat.
250 ## - EDITION STATEMENT
Edition statement al-Ṭabʻah al-Ūlá
260 ## - PUBLICATION, DISTRIBUTION, ETC.
Place of publication, distribution, etc. [al-Qāhirah] :
Name of publisher, distributor, etc. Maktabat al-Ānjilū al-Miṣrīyah,
Date of publication, distribution, etc. [1962]
300 ## - PHYSICAL DESCRIPTION
Extent 570 p. :
Other physical details ill., maps ;
Dimensions 24 cm.
504 ## - BIBLIOGRAPHY, ETC. NOTE
Bibliography, etc. note Includes bibliographical references (p. [559]-570.)
650 #0 - SUBJECT ADDED ENTRY--TOPICAL TERM
Topical term or geographic name entry element Statistics.

No items available.

Powered by Koha